Der Schatz in Paprika

Elmentve itt :
Bibliográfiai részletek
Dokumentumtípus: Cikk
Megjelent: 1937-10-31
Sorozat:Neues Wiener Journal 45 No. 15.788
Kulcsszavak:Szent-Györgyi Albert, Nobel-díj 1937
Online Access:http://misc.bibl.u-szeged.hu/47167
LEADER 00692nab a2200181 i 4500
001 misc47167
005 20250331153820.0
008 210226s1937 hu o 000 ger d
040 |a SZTE Miscellanea Repozitórium  |b hun 
041 |a ger 
245 0 4 |a Der Schatz in Paprika  |h [elektronikus dokumentum] 
260 |c 1937-10-31 
300 |a 9 
300 |a Szent-Györgyi Albert Nobel-díja az 1937/38-as sajtóhíradások tükrében : újságkivágat-album, f. 24r. 
490 0 |a Neues Wiener Journal  |v 45 No. 15.788 
561 |a Szent-Györgyi Albert újságkivágat-album 
695 |a Szent-Györgyi Albert, Nobel-díj 1937 
856 4 0 |u http://misc.bibl.u-szeged.hu/47167/1/024_008.pdf  |z Dokumentum-elérés